Antiques and the fine arts: fakes and fraudulent reproduction. [Synopses only] (Record no. 98527)

MARC details
000 -LEADER
fixed length control field 00621cam a2200169 4500
001 - CONTROL NUMBER
control field D10630
008 - FIXED-LENGTH DATA ELEMENTS--GENERAL INFORMATION
fixed length control field 090401t1983 xxu||||| |||| 00| 0 eng d
035 ## - SYSTEM CONTROL NUMBER
System control number (Sirsi) u95571
041 ## - LANGUAGE CODE
Language code of text/sound track or separate title eng
100 ## - MAIN ENTRY--PERSONAL NAME
Personal name Fitzmaurice-Mills, J.
245 ## - TITLE STATEMENT
Title Antiques and the fine arts: fakes and fraudulent reproduction. [Synopses only]
260 ## - PUBLICATION, DISTRIBUTION, ETC.
Date of publication, distribution, etc. 1983
350 ## - PRICE (NR) (BK AM CF MU VM SE) [OBSOLETE]
Price 0
520 ## - SUMMARY, ETC.
Summary, etc. In RICS General Practice Division. Furniture and Works of Art Committee. Fakes and forgeries in paintings, furniture and the decorative arts. One-day conference (held at RICS) 16 February 1983. RICS 1983/3 ABC
942 ## - ADDED ENTRY ELEMENTS (KOHA)
Suppress in OPAC 0
948 ## - LOCAL PROCESSING INFORMATION (OCLC); SERIES PART DESIGNATOR (RLIN)
c (OCLC) 04/03/1997
Holdings
Withdrawn status Lost status Source of classification or shelving scheme Damaged status Not for loan Home library Current library Shelving location Date acquired Total Checkouts Full call number Barcode Date last seen Copy number Price effective from Koha item type
    Other/Generic Classification Scheme     London London RICS Boxes 18/09/2002   RICS 1983/3 95571-1001 06/08/2019 1 06/08/2019 Reference material